000 00569nam a2200241 a 4500
001 nice12345678
003 IN_TiNIC
005 20260116011832.0
008 050524s0000 laha grp 000 0 urd
020 _a
_c100
082 0 0 _a239
_bHAS1
100 _aHashmatullah,
245 _aBaraheen-E-Naiyyara.
260 _aLahore
_bPunjab Religious Booksociety
_c0000
300 _a52p
500 _aincludes index and biblioraphy
505 2 _aIndex
650 _aApologetics
700 1 _aHashmatullah,
902 _bSRS
942 _cBK
999 _c4321
_d4321